01190nkm a2200241 i 45000010005000000030009000050050017000140070006000310080041000371000031000782450122001092600029002313000039002605000035002995180184003346100070005187100053005887100028006418520025006698560093006949990015007879520146008023139ES-MaACL20250713062558.0khrbo050913s1983 sp --- g |001||spa d0 aAlfonso,d1902-199091985810aHomenaje al poeta Hugo Gutierrez Vega b: un experimento biográfico poliforme [hFotografía] / cAlfonso (sello). a[S.l. : bs.n.], c1983. a3 fot. : bb. y n. ; c12 x 18 cm. aDatos basados en invitación. aActo organizado por el Taller Prometeo de Poesía Nueva en colaboración con el Ateneo de Madrid, celebrado en el salón de actos el jueves, 20 de enero de 1983, a las 20:00 h.24aAteneo de Madrid-xActos culturales-y1983-vFotografías.918962 aTaller Prometeo de Poesía Nueva (Madrid)969072 aAteneo de Madrid.91875 aES-MaACLjFOT 5/19834 uhttp://www.ateneodemadrid.net/biblioteca_digital/imagenes/1983/0005-1983.jpgzVer imagen c3139d3139 001040708Colección_digitalaATENEOMbATENEOMcDEPOZd2008-01-17eSCl0oFOT 5/1983p1003202r2023-02-23 00:00:00w2023-02-23yFOTOGRAFIA